Normal view MARC view
  • Cantón Arjona, Valentina,

Entry Nombre Personal

Number of records used in: 14

001 - NUMERO DE CONTROL

  • campo de control: 28646

003 - IDENTIFICADOR DE NUMERO DE CONTROL

  • campo de control: DLC

005 - FECHA Y HORA DE LA ÜLTIMA TRANSACCIÓN

  • campo de control: 20230529124459.0

008 - DATOS DE LONGITUD FIJA

  • campo de control de longitud fija: 220329n| acannaabn |a aaa c

010 ## - NÚMERO DE CONTROL DE LA BIBLIOTECA DEL CONGRESO

  • Número de control LC: no2003006808

035 ## - NUMERO DE CONTROL

  • Número de control: (OCoLC)oca05955561

040 ## - FUENTE DE CATALOGACIÓN

  • Agencia original de catalogación: ICU
  • Lenguaje de catalogación: spa
  • Agencia de transcripción: ICU
  • Agencia que lo modifica: InU
  • Agencia que lo modifica: MX-MxUPN

046 ## - FECHAS CON CODIFICACIÓN ESPECIAL

  • Fecha de nacimiento: 1952

100 1# - ENCABEZAMIENTO - NOMBRE PERSONAL

  • Nombre personal: Cantón Arjona, Valentina,
  • Fechas asociadas con el nombre: 1952-

370 ## - LUGAR ASOCIADO

  • Place of birth: Ciudad de México (México)

373 ## - GRUPO ASOCIADO

  • Associated group: Universidad Pedagógica Nacional (México)

373 ## - GRUPO ASOCIADO

  • Associated group: Universidad Nacional Autónoma de México. Colegio de Pedagogía

374 ## - OCUPACIÓN

  • Occupation: Profesora universitaria

374 ## - OCUPACIÓN

  • Occupation: Investigadora

374 ## - OCUPACIÓN

  • Occupation: Psicoanalista

400 1# - VEÁSE - NOMBRE DE PERSONA

  • Personal name: Arjona, Valentina Cantón

670 ## - FUENTE EN LA QUE SE LOCALIZARON DATOS

  • Cita de la fuente: Inventio varia, 1999:
  • Información localizada: portada (Valentina Cantón Arjona)

670 ## - FUENTE EN LA QUE SE LOCALIZARON DATOS

  • Cita de la fuente: Email from Correo del Maestro Editorial, Dec. 1, 2008
  • Información localizada: (Valentina Cantón Arjona, n.1952 in Mexico City)

670 ## - FUENTE EN LA QUE SE LOCALIZARON DATOS

  • Cita de la fuente: En su obra: 1+1+1 no es igual a 3, 1997:
  • Información localizada: portada (Valentina Cantón Arjona) solapa delantera (Valentina Cantón Arjona (1952) es licenciada en Psicología por la UNAM y maestra en enseñanza por la Escuela de Filosofía de la universidad La Salle. Psicoanalista lacaniana [...] docente de nivel superior desde hace más de 20 años, desempeña su labor de profesora investigadora de tiempo completo en la Maestría en Pedagogía y la Línea de Historia de la Educación (que actualmente coordina) de la Universidad Pedagógica Nacional. Es catedrática de asignatura del Colegio de Pedagogía de la Universidad Nacional Autónoma de México)